1990 1345 1371 1460 1163 1585 1317 1649 1009 1855 1540 1188 1683 1333 1433 1606 1006 1768 1796 1192 1116 1778 1650 1691 1966 1385 1337 1607 1584 1218 1855 1441 1776 1238 1437 1530 1207 1988 1734 1517 1224 1206 1476 1580 1753 1078 1623 1469 1729 1969 1137 1719 1806 1202 1385 1239 1622 1171 1258 1159 1550 1620 1757 1571 1796 1652 1038 1279 1077 1384 1201 1072 1069 1922 1995 1339 1318 1717 1047 1561 1828 1777 1584 1709 1537 1124 1717 1561 1440 1113 1563 1980 1411 1957 1985 1302 1731 1677 1133 BCNSPRNW ULIB Ver.6.0+V

เปลี่ยนเป็นภาษาไทย

Change to English
 แสดงรายละเอียดบรรณานุกรม
  กลับหน้าหลัก

Brief Record : Get Marc (ISO 2709) : E-mail record : QR code < ปิดหน้าต่าง
LEADER : 00000nam 2200000uu 4500
001    13399126722
003     ULIB
008    020711s2018 th a 000 0 eng d
020    ^a9781259588594
060    ^aWS200^bK65R^cVol.1
100    ^aKline,Mark
245    ^aRudolph s Pediatrics
250    ^a23rd ed
260    ^aNew York :^bMcGraw-Hill,^c2018
300    ^a1509 pages;^b30 cm
650    ^aPediatrics
945    ^p2550^l0^i005383
999    ^aประนอม เกษจรัล
รายการนี้ยังไม่มีแท็ก
คุณยังไม่ได้ล็อกอิน คุณสามารถมีกิจกรรมร่วมกับเว็บไซต์ได้ แต่ต้องล็อกอินก่อน ::
  ล็อกอิน

รายการสื่อสารสนเทศ

ลำดับที่ ประเภท เลขเรียก/บาร์โค้ด สถานที่ สถานะ
1. วิทยาศาสตร์การแพทย์ และสุขภาพ
หนังสือสำรอง
สถานะ=หนังสือสำรอง
WS200 K65R Vol.1 ฉ.1 
  Barcode: 005383
ห้องสมุดวิทยาเขตสวรรค์ประชารักษ์
►หนังสือทั่วไป
บนชั้น

รายการใกล้เคียง
    ชื่อเรื่อง [Rudolph s Pediatrics]

    ผู้แต่ง [Kline,Mark]

    หัวเรื่อง [Pediatrics]

BibComment


ยังไม่เคยถูกคอมเมนท์

คอมเมนท์ทรัพยากรรายการนี้
  คอมเมนท์: Rudolph s Pediat..


 Copyright 2026. Bcnsprnw @Library